LEADER 01095nam0-22002891i-450- 001 990000621300403321 005 20001010 035 $a000062130 035 $aFED01000062130 035 $a(Aleph)000062130FED01 035 $a000062130 100 $a20001010d--------km-y0itay50------ba 101 0 $aita 105 $ay-------001yy 200 1 $aINDAGINE SPERIMENTALE AL VERO SULL'INSTABILITA' ELASTO-PLASTICA DI DUE TELAI MULTIPIANI IN ACCIAIO,1966 - NOTAIII$eCONFRONTO FRA I RISULTATI SPERIMENTALI E TEORICI$fPAGANO M. - MAZZOLANI F.M. 210 $aNapoli$cI.T.C.$d1966 300 $aAtti dell'Istituto di Tecnica delle Costruzioni dell'Università di Napoli. 610 0 $aAtti ed estratti di Università ed Istituti Universitari Italiani. 700 1$aPagano,$bMichele$01538 801 0$aIT$bUNINA$gRICA$2UNIMARC 901 $aBK 912 $a990000621300403321 952 $a07 U/1409$b$fDINSC 959 $aDINSC 996 $aINDAGINE SPERIMENTALE AL VERO SULL'INSTABILITA' ELASTO-PLASTICA DI DUE TELAI MULTIPIANI IN ACCIAIO,1966 - NOTAIII$9316182 997 $aUNINA DB $aING01 LEADER 01017cam0-22002891i-450- 001 990007763860403321 005 20160621173335.0 035 $a000776386 035 $aFED01000776386 035 $a(Aleph)000776386FED01 035 $a000776386 100 $a20030814d1786----km-y0itay50------ba 101 0 $aita 140 $aa-------------------bb0----- 200 1 $aCodice per la veneta mercantile marina approvato dal Decreto dell'eccellentiss. Senato 21. Settembre 1786 210 $a[Venezia]$cPinelli A.Z.per li figliuoli del qu. Z. Antonio Pinelli stampatori ducali$d1786 215 $aVIII, 258, [2], 18, 4 p.$d4° 620 $aItalia.$dVenezia 676 $a343.096$zita 710 02$aVenezia$c$032791 801 0$aIT$bUNINA$gRICA$2UNIMARC 901 $aAQ 912 $a990007763860403321 952 $a29-D-95$b1502 nav.$fDDCP 959 $aDDCP 996 $aCodice per la veneta mercantile marina approvato dal Decreto dell'eccellentiss. Senato 21. Settembre 1786$91497484 997 $aUNINA